Komeniologické studie : soubor textů o J. A. Komenském. Díl 1, Texty publikované v letech 1941-1958 /

Hlavní autor: Patočka, Jan, 1907-1977
Další autoři: Schifferová, Věra, 1959-
Jazyk: Čeština
Vydáno: Praha : Oikoymenh, 1997
Vydání: 1. vyd.
Edice: Patočka, Jan, 1907-1977. Sebrané spisy
Oikúmené (OIKOYMENH)
Témata:
Externí odkaz: Digitalizovaný dokument
Fyzický popis: 426 s. ; 21 cm
Knihy
Uloženo v:
LEADER 02283nam a2200529 a 4500
001 000300443
003 CZ BrMZK
005 20200923115704.0
007 ta
008 010907s1997 xr e cze d
020 |a 80-86005-52-6 
035 |a (OCoLC)41394772 
040 |a BOA001  |b cze 
043 |a e-xr--- 
072 7 |a 37  |x Výchova a vzdělávání  |2 Konspekt  |9 22 
072 7 |a 14(100-15)"15/20"  |x Moderní západní filozofie  |2 Konspekt  |9 5 
080 |a (081)  |2 MRF 
080 |a (081.1)  |2 MRF 
080 |a 14(437.3)  |2 MRF 
080 |a 27-1  |2 MRF 
080 |a 37.01  |2 MRF 
080 |a (437.3)  |2 MRF 
100 1 |a Patočka, Jan,  |d 1907-1977  |7 jk01091914  |4 aut 
245 1 0 |a Komeniologické studie :  |b soubor textů o J. A. Komenském.  |n Díl 1,  |p Texty publikované v letech 1941-1958 /  |c Jan Patočka ; k vydání připravila Věra Schifferová 
246 3 0 |a Texty publikované v letech 1941-1958 
250 |a 1. vyd. 
260 |a Praha :  |b Oikoymenh,  |c 1997 
300 |a 426 s. ;  |c 21 cm 
490 1 |a Sebrané spisy Jana Patočky ;  |v sv. 9 
490 1 |a Oikúmené 
600 1 7 |a Komenský, Jan Amos,  |d 1592-1670  |7 jk01061444  |2 czenas 
650 0 7 |a pedagogika  |7 ph115703  |z Česko  |y 17. stol.  |2 czenas 
650 0 7 |a česká filozofie  |7 ph128114  |y 17. stol.  |2 czenas 
650 0 7 |a křesťanská teologie  |7 ph115064  |z Česko  |y 17. stol.  |2 czenas 
655 7 |a sborníky  |7 fd163935  |2 czenas 
655 7 |a sebrané spisy  |7 fd133355  |2 czenas 
700 1 |a Schifferová, Věra,  |d 1959-  |7 xx0013428  |4 com 
800 1 |a Patočka, Jan,  |d 1907-1977.  |t Sebrané spisy  |0 s 
830 0 |a Oikúmené (OIKOYMENH)  |0 s 
856 4 1 |u http://www.digitalniknihovna.cz/mzk/uuid/uuid:870ae200-1946-11e4-8f64-005056827e52  |x NDK  |y Digitalizovaný dokument 
910 |a BOA001  |b 2-1043.594,1  |b PK-0129.078,1 
920 |a 000274818 
990 |a BK 
996 7 |b 2610068620  |c 2-1043.594,1  |l MZK  |r Sklad / do 1 hodiny  |n 18  |p p.v.  |w 000300443  |u 000010  |a 1  |e BOA001  |j MZK50  |s A 
996 6 |b 2610338835  |c 2-1043.594,1  |l MZK  |r Sklad / do 1 hodiny  |n 1  |p kup  |w 000300443  |u 000020  |a 1  |e BOA001  |j MZK50  |s P 
996 7 |b 3119010668  |c PK-0129.078,1  |l MZK  |r Sklad / do 1 hodiny  |n 26  |p kup  |w 000300443  |u 000030  |a 1  |e BOA001  |j MZK50  |s A 
996 7 |b 3119010669  |c PK-0129.078,1  |l MZK  |r Sklad / do 1 hodiny  |n 22  |p kup  |w 000300443  |u 000040  |a 1  |e BOA001  |j MZK50  |s A